000 00267nam a2200109Ia 4500
008 220204s9999 xx 000 0 und d
082 _a339.138
_bODE
100 _aODell, William F
245 0 _aMarketing decision
260 _aBombay
_bTaraporevala
_c1977
942 _cBK
999 _c30368
_d30368